Re Evaluating US Foreign Policy Towards Asia (Record no. 211577)
[ view plain ]
| 000 -LEADER | |
|---|---|
| fixed length control field | 00970nam a22002297a 4500 |
| 005 - DATE AND TIME OF LATEST TRANSACTION | |
| control field | 20250604125502.0 |
| 010 ## - LCCN (DPL NO) | |
| LC control number | ENG-145182 |
| 020 ## - INTERNATIONAL STANDARD BOOK NUMBER | |
| International Standard Book Number | 9789381904701 |
| Terms of availability | 371.00 |
| 035 ## - SYSTEM CONTROL NUMBER | |
| System control number | EN-128714 |
| 037 ## - SOURCE OF ACQUISITION | |
| Source of stock number/acquisition | DBAD |
| 082 ## - DEWEY DECIMAL CLASSIFICATION NUMBER | |
| Classification number | 327.73054 |
| 100 ## - MAIN ENTRY--PERSONAL NAME | |
| Personal name | Re Evaluating US Foreign Policy Towards Asia |
| 245 ## - TITLE STATEMENT | |
| Title | Re Evaluating US Foreign Policy Towards Asia |
| 260 ## - PUBLICATION, DISTRIBUTION, ETC. (IMPRINT) | |
| Place of publication, distribution, etc | New Delhi |
| Name of publisher, distributor, etc | Kalpana Shukla, KW Publishers |
| Date of publication, distribution, etc | 2013 |
| 270 ## - ADDRESS | |
| Address | 4676/21, Ansari Road, Daryaganj |
| City | New Delhi |
| Postal code | 110002 |
| 300 ## - PHYSICAL DESCRIPTION | |
| Extent | 123p. |
| Dimensions | 23cm [pb] |
| 700 ## - ADDED ENTRY--PERSONAL NAME | |
| Personal name | Stuward J, Jerom |
| 9 (RLIN) | 81642 |
| 700 ## - ADDED ENTRY--PERSONAL NAME | |
| Personal name | Gugan S, Sri |
| 9 (RLIN) | 81643 |
| 700 ## - ADDED ENTRY--PERSONAL NAME | |
| Personal name | Kanniga, T |
| 9 (RLIN) | 81644 |
| 700 ## - ADDED ENTRY--PERSONAL NAME | |
| Personal name | Emisa, I |
| 9 (RLIN) | 81645 |
| 942 ## - ADDED ENTRY ELEMENTS (KOHA) | |
| Source of classification or shelving scheme | Dewey Decimal Classification |
| Item type | English Books |
| Call number suffix | REE |
| Classification part | 327.73054 |
| Withdrawn status | Lost status | Not for loan | Collection code | Home library | Current library | Date acquired | Source of acquisition | Cost, normal purchase price | Full call number | Barcode | Cost, replacement price | Koha item type |
|---|---|---|---|---|---|---|---|---|---|---|---|---|
| Non-fiction | RC3 Shakur Pur | RC3 Shakur Pur | 04/06/2025 | DBAD | 371.00 | REE 327.73054 | EN-128714 | 371.00 | English Books |
